| 000 | 00851nam a22002897a 4500 | ||
|---|---|---|---|
| 001 | 0126 | ||
| 003 | DO-SdBNP | ||
| 005 | 20231201124851.0 | ||
| 007 | 0126 | ||
| 008 | 151005b2004 mx 00| 0 spa d | ||
| 020 | _a9789681903206 | ||
| 040 |
_aBPMSU _bspa _cBPMSU |
||
| 082 | 4 |
_a808.831 _bC965C 2005 _222 |
|
| 245 | 1 | 0 |
_aCuentos clásicos juveniles : _bantología / _cAlexander Pushkin ... [et al.] ; edición y prólogo Conrado Zuluaga. |
| 250 | _a | ||
| 260 |
_aMéxico : _bAlfaguara, _c2004 |
||
| 300 |
_a107 p. : _c22 cm. |
||
| 490 | 0 | _aAlfaguara juvenil | |
| 500 | _a | ||
| 590 | _aInventariado, 2023/VM | ||
| 650 | 4 |
_aCuentos juveniles _vColecciones. |
|
| 650 | 4 |
_aNaturaleza _vCuentos. |
|
| 700 | 1 | _aPushkin, Alexander | |
| 700 | 1 | 2 |
_aZuluaga, Conrado _d1945-, _eprólogo |
| 910 | _aVMateo V. Control de calidad. BPMSU | ||
| 942 |
_2ddc _cBK |
||
| 999 |
_c10629 _d10629 |
||